|
|
|
|
| LEADER |
01697nam a22003251 4500 |
| 001 |
c000349540 |
| 003 |
CARM |
| 005 |
00000000000000.0 |
| 008 |
851003s1968 gw 00000 ger d |
| 019 |
1 |
|
|a 3998042
|z 7229724
|z 7229724
|5 LACONCORD2021
|
| 035 |
|
|
|a (OCoLC)221085
|5 LACONCORD2021
|
| 040 |
|
|
|d NUN
|
| 100 |
1 |
|
|a Schiller, Friedrich,
|d 1759-1805.
|
| 240 |
1 |
0 |
|a Works.
|f 1968
|
| 245 |
1 |
0 |
|a Samtliche Werke /
|c von F. von Schiller. Textredaktion: J.Perfahl; Einfuhrung von B. von Wiesse; Zeittafel von H.Koopmann.
|
| 260 |
|
|
|a Munchen :
|b Winkler,
|c 1968.
|
| 300 |
|
|
|a 5 vols.
|
| 505 |
0 |
|
|a Contents. Bd. 1, Dramen I. Bd. 2, Dramen Ii; Dramenfragmente. Bd. 3, Gedichte; Erzahlungen; Ubersetzungen. Bd. 4, Historische Schriften. Bd. 5, Philosophische und vermischte Schriften.
|
| 852 |
8 |
|
|b CARM
|h A1:AN15A0
|i A04618
|p 0410637
|f BK
|
| 852 |
8 |
|
|b CARM
|h A1:AN15A0
|i A04618
|p 0410631
|f BK
|
| 852 |
8 |
|
|b CARM
|h A2:AR09A0
|i A04170
|p 0347052
|f BK
|
| 852 |
8 |
|
|b CARM
|h A1:AN15A0
|i A04618
|p 0410636
|f BK
|
| 852 |
8 |
|
|b CARM
|h A1:AN17A0
|i A04627
|p 0411606
|f BK
|
| 082 |
0 |
4 |
|a 832.6
|
| 999 |
f |
f |
|i 92d33149-e825-518f-8f47-8c58351204a1
|s ff00f07f-aed9-57cb-83df-8f376b5c184d
|
| 952 |
f |
f |
|p Can circulate
|a CAVAL
|b CAVAL
|c CAVAL
|d CARM 1 Store
|e A04627
|f A1:AN17A0
|h Other scheme
|i book
|m 0411606
|
| 952 |
f |
f |
|p Can circulate
|a CAVAL
|b CAVAL
|c CAVAL
|d CARM 1 Store
|e A04618
|f A1:AN15A0
|h Other scheme
|i book
|m 0410637
|
| 952 |
f |
f |
|p Can circulate
|a CAVAL
|b CAVAL
|c CAVAL
|d CARM 1 Store
|e A04618
|f A1:AN15A0
|h Other scheme
|i book
|m 0410631
|
| 952 |
f |
f |
|p Can circulate
|a CAVAL
|b CAVAL
|c CAVAL
|d CARM 1 Store
|e A04618
|f A1:AN15A0
|h Other scheme
|i book
|m 0410636
|
| 952 |
f |
f |
|p Can circulate
|a CAVAL
|b CAVAL
|c CAVAL
|d CARM 1 Store
|e A04170
|f A2:AR09A0
|h Other scheme
|i book
|m 0347052
|